Toutes les communes des Ardennes - Statistiques

Statistiques générales
  • Ce quiz a été pris 64 fois
  • Le résultat moyen est 65 sur 450
Statistiques - réponses
Commune % Correct
Sedan
88%
Charleville-Mézières
86%
Rethel
81%
Givet
67%
Vouziers
64%
Nouzonville
57%
Bogny-sur-Meuse
55%
Revin
55%
Attigny
48%
Monthermé
48%
Rocroi
48%
Donchery
45%
Bazeilles
43%
Boulzicourt
43%
Carignan
43%
Chooz
43%
Douzy
43%
Fumay
43%
Sault-les-Rethel
43%
Sault-Saint-Remy
43%
Signy-l'Abbaye
43%
Villers-Semeuse
43%
Balan
40%
Vivier-au-Court
40%
La Francheville
38%
Renwez
38%
Rimogne
38%
Signy-le-Petit
38%
Aiglemont
36%
Buzancy
36%
Cliron
36%
Amagne
36%
Mouzon
36%
Prix-les-Mezieres
36%
Vrigne-aux-Bois
36%
Vrigne-Meuse
36%
Flize
33%
Les Mazures
33%
Nouvion-sur-Meuse
33%
Poix-Terron
33%
Tournes
33%
Château-Porcien
31%
Asfeld
31%
Aubrives
31%
Floing
31%
Haybes
31%
Les Ayvelles
31%
Les Hautes-Rivieres
31%
Lonny
31%
Thilay
31%
Acy-Romance
29%
Bairon et ses environs
29%
Anchamps
29%
Gespunsart
29%
Joigny-Sur-Meuse
29%
Lucquy
29%
Neufmanil
29%
Warcq
29%
Aubigny-les-Pothées
26%
Vireux-Molhain
26%
Grandpre
26%
Juniville
26%
Liart
26%
Lumes
26%
Novion-Porcien
26%
Remilly-Aillicourt
26%
Remilly-les-Pothees
26%
Barby
24%
Bourg-Fidele
24%
Chaumont-Porcien
24%
Deville
24%
Dom-le-Mesnil
24%
Fepin
24%
Glaire
24%
Hargnies
24%
Laifour
24%
Maubert-Fontaine
24%
Montcy-Notre-Dame
24%
Saint-Laurent
24%
Saulces-Champenoises
24%
Saulces-Monclin
24%
Sormonne
24%
Tagnon
24%
Thin-le-Moutier
24%
Arreux
21%
Cheveuges
21%
Ham-Les-Moines
21%
Harcy
21%
Illy
21%
Jandun
21%
Launois-Sur-Vence
21%
Logny-Bogny
21%
Margut
21%
Montcornet
21%
Raucourt-et-Flaba
21%
Rouvroy-sur-Audry
21%
Rumigny
21%
Saint-Loup-en-Champagne
21%
Saint-Loup-Terrier
21%
Saint-Remy-le-Petit
21%
Vireux-Wallerand
21%
Auvillers-les-Forges
19%
Avancon
19%
Baalons
19%
Belval
19%
Blagny
19%
Bouvellemont
19%
Chalandry-Elaire
19%
Challerange
19%
Damouzy
19%
Saint-Pierre-a-Arnes
19%
Faissault
19%
Givonne
19%
Haulmé
19%
La Grandville
19%
Le Chatelet-Sur-Retourne
19%
Machault
19%
Montigny-sur-Meuse
19%
Montigny-sur-Vence
19%
Saint-Germainmont
19%
Saint-Pierre-sur-Vence
19%
Sapogne-et-Feucheres
19%
Sapogne-sur-Marche
19%
Secheval
19%
Warnecourt
19%
Aire
17%
Angecourt
17%
Autruche
17%
Bar-les-Buzancy
17%
Boult-aux-Bois
17%
Brevilly
17%
Brieulles-sur-Bar
17%
Charbogne
17%
Coucy
17%
Yvernaumont
17%
Ecly
17%
Francheval
17%
Fromelennes
17%
Givry
17%
Gue-D'Hossus
17%
Guignicourt-Sur-Vence
17%
Houldizy
17%
La Chapelle
17%
Le Chatelet-Sur-Sormonne
17%
Pauvres
17%
Poilcourt-Sydney
17%
Pouru-aux-Bois
17%
Pouru-Saint-Remy
17%
Saint-Marceau
17%
Saint-Marcel
17%
Saint-Menges
17%
Sy
17%
Thugny-Trugny
17%
Tournavaux
17%
Ville-sur-Lumes
17%
Villy
17%
Auge
14%
Barbaise
14%
Bertoncourt
14%
Biermes
14%
Blanzy-la-Salonnaize
14%
Chatel-Chehery
14%
Clavy-Warby
14%
Corny-Macheromenil
14%
Aouste
14%
Arnicourt
14%
Daigny
14%
Toges
14%
Dommery
14%
Ecordal
14%
Evigny
14%
Fagnon
14%
Fleigneux
14%
Foisches
14%
Gernelle
14%
Gruyeres
14%
Ham-sur-Meuse
14%
Haraucourt
14%
Haudrecy
14%
Hierges
14%
Neuflize
14%
Novy-Chevrieres
14%
Noyers-Pont-Maugis
14%
Pure
14%
Rancennes
14%
Regniowez
14%
Rocquigny
14%
Sorbon
14%
Tremblois-les-Carignan
14%
Vieux-les-Asfeld
14%
Wadelincourt
14%
Wagnon
14%
Aure
12%
Autrecourt-et-Pourron
12%
Ballay
12%
Blombay
12%
Brienne-sur-Aisne
12%
Cernion
12%
Chagny
12%
Chilly
12%
Ambly-Fleury
12%
Falaise
12%
Grivy-Loisy
12%
Herpy-l'arlesienne
12%
Issancourt-et-Rumel
12%
La Besace
12%
La Croix-Aux-Bois
12%
La Neuville-aux-Joutes
12%
La Neuville en Tourne-à-Fuy
12%
L'Ecaille
12%
L'Echelle
12%
Lepron-Les-Vallees
12%
Le Thour
12%
Monthois
12%
Murtin-et-Bogny
12%
Neuville-les-This
12%
Neuvizy
12%
Omont
12%
Pont-à-Bar
12%
Saint-Aignan
12%
Seraincourt
12%
Thelonne
12%
This
12%
Tourteron
12%
Vendresse
12%
Viel-Saint-Remy
12%
Villers-devant-le-Thour
12%
Voncq
12%
Aussonce
10%
Authe
10%
Autry
10%
Balham
10%
Beaumont-en-Argonne
10%
Belval-bois-des-dames
10%
Bergnicourt
10%
Bievres
10%
Blanchefosse-et-Bay
10%
Bossus-les-Rumigny
10%
Brognon
10%
Bulson
10%
Cauroy
10%
Champigneulle
10%
Champlin
10%
Charnois
10%
Chemery-Chehery
10%
Alincourt
10%
Alland'Huy-et-Sausseuil
10%
Artaise-le-Vivier
10%
Doux
10%
Etalle
10%
Eteignieres
10%
Girondelle
10%
Gomont
10%
Hannappes
10%
Jonval
10%
La Cassine
10%
La Ferté-Sur-Chiers
10%
La Horgne
10%
La Moncelle
10%
Laval-Morency
10%
Leffincourt
10%
Le Frety
10%
Le Mont-Dieu
10%
Les Grandes-Armoises
10%
Matton-et-Clemency
10%
Perthes
10%
Sachy
10%
Saint-Etienne-a-Arnes
10%
Savigny-sur-Aisne
10%
Semide
10%
Seuil
10%
Sevigny-la-Foret
10%
Singly
10%
Stonne
10%
Suzanne
10%
Taillette
10%
Tarzy
10%
Tremblois-les-Rocroi
10%
Vaux-Villaine
10%
Villers-le-Tourneur
10%
Avaux
7%
Banogne-Recouvrance
7%
Beffu-et-le-Morthomme
7%
Belleville-et-Chatillon-sur-Bar
7%
Briquenay
7%
Champigneul-sur-Vence
7%
Conde-les-Herpy
7%
Cornay
7%
Coulommes-et-Marqueny
7%
Annelles
7%
Antheny
7%
Apremont
7%
Auflance
7%
Saint-Morel
7%
Sury
7%
Yoncq
7%
Draize
7%
Escombres-et-le-Chesnois
7%
Estrebay
7%
Exermont
7%
Flaignes-Havys
7%
Fleville
7%
Fosse
7%
Fraillicourt
7%
Guincourt
7%
Hagnicourt
7%
Hannogne-Saint-Martin
7%
Houdilcourt
7%
Justine-Herbigny
7%
La Férée
7%
Lalobbe
7%
Landrichamps
7%
Les Deux-Villes
7%
Les Petites-Armoises
7%
Letanne
7%
Marby
7%
Marlemont
7%
Menil-Annelles
7%
Messincourt
7%
Mont-Saint-Remy
7%
Nanteuil-sur-Aisne
7%
Olizy-Primat
7%
Osnes
7%
Quatre-Champs
7%
Roizy
7%
Sailly
7%
Sainte-Marie
7%
Saint-Fergeux
7%
Saint-Jean-aux-Bois
7%
Saint-Quentin-le-Petit
7%
Villers-le-Tilleul
7%
Villers-sur-Bar
7%
Wasigny
7%
Bayonville
5%
Bignicourt
5%
Bourcq
5%
Chappes
5%
Chesnois-Auboncourt
5%
Chevieres
5%
Chuffilly-Roche
5%
Contreuve
5%
Ardeuil-et-Montfauxelles
5%
Auboncourt-Vauzelles
5%
Doumely-Begny
5%
Dricourt
5%
Etrepigny
5%
Euilly-et-Lombut
5%
Faux
5%
Fligny
5%
Fromy
5%
Givron
5%
Herbeuval
5%
Imecourt
5%
Inaumont
5%
La Berlière
5%
Lametz
5%
Linay
5%
Maisoncelle-et-Villers
5%
Malandry
5%
Maranwez
5%
Marcq
5%
Margny
5%
Mars-sous-Bourcq
5%
Moiry
5%
Mondigny
5%
Montgon
5%
Neufmaison
5%
Neuville-Day
5%
Oches
5%
Omicourt
5%
Prez
5%
Puilly-et-Charbeaux
5%
Quilly
5%
Raillicourt
5%
Remaucourt
5%
Rilly-sur-Aisne
5%
Saint-Clement-a-Arnes
5%
Sainte-Vaubourg
5%
Saint-Juvin
5%
Saint-Lambert-et-Mont-de-Jeux
5%
Sauville
5%
Sery
5%
Signy-Montlibert
5%
Sommauthe
5%
Sommerance
5%
Sorcy-Bauthemont
5%
Tetaigne
5%
Vandy
5%
Vaux-les-Mouzon
5%
Bouconville
2%
Chardeny
2%
Conde-les-Autry
2%
Germont
2%
Grandchamp
2%
Grandham
2%
Hannogne-Saint-Rémy
2%
Harricourt
2%
Hauteville
2%
Hauvine
2%
La Neuville-à-Maire
2%
La Neuville-les-Wasigny
2%
La Sabotterie
2%
Longwe
2%
Marquigny
2%
Menil-Lepinois
2%
Mogues
2%
Montcheutin
2%
Montmeillant
2%
Mont-Saint-Martin
2%
Mouron
2%
Neuville-lez-Beaulieu
2%
Nouart
2%
Puiseux
2%
Renneville
2%
Rubigny
2%
Saint-Pierremont
2%
Semuy
2%
Senuc
2%
Sevigny-Waleppe
2%
Son
2%
Sugny
2%
Tailly
2%
Taizy
2%
Tannay
2%
Thenorgues
2%
Vaux-Champagne
2%
Vaux-en-Dieulet
2%
Vaux-les-Mouron
2%
Vaux-les-Rubigny
2%
Vaux-Montreuil
2%
Verpel
2%
Verrières
2%
Villers-devant-Mouzon
2%
Ville-sur-Retourne
2%
Williers
2%
Brecy-Bieres
0%
Touligny
0%
Lancon
0%
Landres-et-Saint-Georges
0%
La Romagne
0%
Liry
0%
Marvaux-Vieux
0%
Mazerny
0%
Mesmont
0%
Mont-Laurent
0%
Noirval
0%
Sechault
0%
Tourcelles-Chaumont
0%
Villers-sur-le-Mont
0%
Wignicourt
0%
Aucun quiz correspondant
Distribution des résultats
% des personnes avec chaque résultat
Percentile par nombre de réponses
Votre historique - résultats
Vous n’avez pas pris ce quiz